000 00854nas a2200265Ia 4500
001 A07/R086-19445 [r000018592]
003 IT-MiCISF
008 161014c99999999xx |||||||||||| ||und||
040 _aIT-MiCISF
_cIT-MiCISF
041 _aITALIANO
100 _aBompiani Adriano
210 _aMedicina e morale
222 _aMedicina e morale
245 0 _aUna valutazione della convenzione sui diritti dell'uomo e la biomedicina del Consiglio d'Europa
250 _a1a ed.
260 _c1997
501 _bCISF - Centro Internazionale Studi Famiglia - Via Giotto, 36 20145 MILANO (non commercial uses only)
_cCopyright 2016
300 _app. 37-55
362 _an. 1, gennaio-febbraio [1997]
500 _a Tema: bioetica, diritti-umani
650 _aBIOETICA
_varticolo
700 _aAA.VV.
942 _cCR
957 _71
999 _a19445
_bSi
_g1
_c225777
_d225777